000 00533nam a2200193Ia 4500
005 20250508152823.0
008 008 250505s9999 xx 000 0 hin d
037 _aTextual
040 _aFEDL
_beng
_cFEDL
041 _ahin
_2eng
084 _a150, MAN
_qFEDL
100 _aMun Norman L
_9762477
245 0 _aManovigyan: Manvi samayojan key mool siddhant
260 _aDelhi, India
_bRajkamal Parkashan
_c1961
300 _a595P.
365 _aINR
_b17.5
942 _cTEXL
_h150, MAN
999 _c1338978
_d1338978